Окисление металлов переменным током в растворе щелочи: автореферат диссертации на соискание ученой степени кандидата химических наук; спец. 02.00.04

Bibliografske podrobnosti
Glavni avtor: Заглубоцкий В. И. Валентин Иванович
Korporativna značnica: Новочеркасский политехнический институт им. Серго Орджоникидзе
Drugi avtorji: Семченко Д. П. (научный руководитель), Кудрявцев Ю. Д.
Izvleček:Защита сост. 25.10.1975 г.
Jezik:ruščina
Izdano: Новочеркасск, [Б. и.], 1975
Teme:
Format: Knjiga
KOHA link:https://koha.lib.tpu.ru/cgi-bin/koha/opac-detail.pl?biblionumber=336273

MARC

LEADER 00000nam0a2200000 4500
001 336273
005 20231102004834.0
035 |a (RuTPU)RU\TPU\book\362689 
090 |a 336273 
100 |a 20171012d1975 k y0rusy50 ca 
101 0 |a rus 
102 |a RU 
105 |a a dm 001zy 
200 1 |a Окисление металлов переменным током в растворе щелочи  |e автореферат диссертации на соискание ученой степени кандидата химических наук  |e спец. 02.00.04  |f В. И. Заглубоцкий  |g Новочеркасский политехнический институт им. Серго Орджоникидзе ; науч. рук. Д. П. Семченко, Ю. Д. Кудрявцев 
210 |a Новочеркасск  |c [Б. и.]  |d 1975 
215 |a 22 с.  |c ил. 
300 |a Защита сост. 25.10.1975 г. 
320 |a Библиогр.: с. 22 (7 назв.) 
606 1 |a Металлы  |x Электрохимия  |2 stltpush  |3 (RuTPU)RU\TPU\subj\43192 
610 1 |a окислительные реакции 
610 1 |a окисление 
610 1 |a переменный ток 
610 1 |a щелочные растворы 
610 1 |a вольтамперные зависимости 
610 1 |a анализ 
610 1 |a свинец 
610 1 |a вольфрам 
610 1 |a молибден 
610 1 |a кадмий 
610 1 |a библиотека А. Г. Стромберга 
610 1 |a авторефераты диссертаций 
675 |a 669:541.1(04)  |v 4 
686 |a 02.00.04  |2 oksvnk 
700 1 |a Заглубоцкий  |b В. И.  |g Валентин Иванович 
702 1 |a Семченко  |b Д. П.  |4 727 
702 1 |a Кудрявцев  |b Ю. Д.  |4 727 
712 0 2 |a Новочеркасский политехнический институт им. Серго Орджоникидзе  |c (1948-1993)  |2 stltpush  |3 (RuTPU)RU\TPU\col\227  |9 23289 
801 1 |a RU  |b 63413507  |c 20171012 
801 2 |a RU  |b 63413507  |c 20180201  |g RCR 
942 |c BK